CCNP routing and switching TSHOOT 300- 135: official cert guide (Record no. 36919)

MARC details
000 -LEADER
fixed length control field 00852nam a2200193 a 4500
008 - FIXED-LENGTH DATA ELEMENTS--GENERAL INFORMATION
fixed length control field 160808s2015 ||||||||||||||||| || u
020 ## - INTERNATIONAL STANDARD BOOK NUMBER
International Standard Book Number 9781587205613
050 ## - LIBRARY OF CONGRESS CALL NUMBER
Classification number TK 5105.543 Lac
100 ## - MAIN ENTRY--PERSONAL NAME
Personal name Lacoste, Raymond
245 10 - TITLE STATEMENT
Title CCNP routing and switching TSHOOT 300- 135: official cert guide
Statement of responsibility, etc. By Raymond Lacoste, Kevin Wallace
260 ## - PUBLICATION, DISTRIBUTION, ETC.
Place of publication, distribution, etc. Indianapolis
Name of publisher, distributor, etc. Cisco Press
Date of publication, distribution, etc. 2015
300 ## - PHYSICAL DESCRIPTION
Extent xxxvii, 988p.: ill.
350 ## - PRICE (NR) (BK AM CF MU VM SE) [OBSOLETE]
Price 69.99
650 ## - SUBJECT ADDED ENTRY--TOPICAL TERM
Topical term or geographic name entry element TELECOMMUNICATION--SWITCHING SYSTEMS--EXAMINATIONS--STUDY GUIDES
650 #0 - SUBJECT ADDED ENTRY--TOPICAL TERM
Topical term or geographic name entry element ROUTING (COMPUTER NETWORK MANAGEMENT)--EXAMINATIONS--STUDY GUIDES
650 #0 - SUBJECT ADDED ENTRY--TOPICAL TERM
Topical term or geographic name entry element COMPUTER NETWORKS--EXAMINATIONS--STUDY GUIDES
700 ## - ADDED ENTRY--PERSONAL NAME
Personal name Wallace, Kevin
995 ## - RECOMMENDATION 995 [LOCAL, UNIMARC FRANCE]
-- CBU-MAIN LIBRARY (Kitwe)
-- 69.99
-- 1
-- AVAILABLE
-- Aug 19, 2016
-- Main Library Open Access Collection
Holdings
Withdrawn status Lost status Source of classification or shelving scheme Damaged status Not for loan Home library Current library Shelving location Date acquired Total Checkouts Full call number Barcode Date last seen Price effective from Koha item type
          CBU-MAIN LIBRARY, KITWE. CBU-MAIN LIBRARY, KITWE.   11/30/2022   TK 5105.543 Lac 746278 11/30/2022 11/30/2022 MONOGRAPH